[Event "Divcibare Narcis GM-B"]
[Site "Divcibare"]
[Date "2018.10.08"]
[Round "9"]
[White "Solomunovic, Igor"]
[Black "Kotronias, Vasilios"]
[Result "0-1"]
[WhiteElo "2399"]
[BlackElo "2505"]
[PlyCount "123"]
[EventDate "2018.09.30"]
[EventType "tourn"]
[EventRounds "9"]
[EventCountry "SRB"]
[EventCategory "6"]
[SourceTitle "CBM 187 Extra"]
[Source "ChessBase"]
[SourceDate "2018.11.04"]
[SourceVersion "1"]
[SourceVersionDate "2018.11.04"]
[SourceQuality "1"]

1. d4 Nf6 2. Nf3 g6 3. Bg5 Bg7 4. c3 0-0 5. Nbd2 d6 6. e3 Qe8 7. Be2 e5 8. 0-0 Nbd7 9. a4 a5 10. dxe5 dxe5 11. e4 h6 12. Be3 Ng4 13. Nc4 Nxe3 14. Nxe3 Nc5 15. Nd2 Bd7 16. Nd5 Qd8 17. Qc2 Bxa4 18. b3 Bc6 19. Ne3 h5 20. Rfe1 Bh6 21. Bc4 Qh4 22. b4 axb4 23. Rxa8 Rxa8 24. cxb4 Bxe3 25. Rxe3 Ra1+ 26. Nf1 Na4 27. b5 Be8 28. g3 Qe7 29. Qe2 Nb6 30. Bd3 Bd7 31. Qb2 Ra4 32. Qc3 Qd6 33. Nd2 Ra3 34. Qc2 Bh3 35. Nf1 Ra1 36. Be2 Qb4 37. Rc3 Na4 38. Rxc7 Qe1 39. Qc4 Be6 40. Qd3 Ra2 41. Rc2 Rxc2 42. Qxc2 Nc3 43. Bd3 Bh3 44. Qd2 Qa1 45. Qe3 Kg7 46. Bc4 Qb2 47. Qd2 Qxd2 48. Nxd2 b6 49. Bd5 f6 50. Nc4 Na4 51. f3 Kf8 52. Kf2 Ke7 53. Ke3 Bf1 54. h4 Bxc4 55. Bxc4 g5 56. Be2 Nc5 57. hxg5 fxg5 58. Bf1 h4 59. gxh4 gxh4 60. Bh3 Nb3 61. Kf2 Nd4 62. Bf1 0-1

[Event "Divcibare Narcis GM-B"]
[Site "Divcibare"]
[Date "2018.10.06"]
[Round "7"]
[White "Solomunovic, Igor"]
[Black "Anand, Nadar"]
[Result "1/2-1/2"]
[WhiteElo "2399"]
[BlackElo "2394"]
[PlyCount "39"]
[EventDate "2018.09.30"]
[EventType "tourn"]
[EventRounds "9"]
[EventCountry "SRB"]
[EventCategory "6"]
[SourceTitle "CBM 187 Extra"]
[Source "ChessBase"]
[SourceDate "2018.11.04"]
[SourceVersion "1"]
[SourceVersionDate "2018.11.04"]
[SourceQuality "1"]

1. d4 Nf6 2. Nf3 e6 3. c4 d5 4. Nc3 Bb4 5. e3 0-0 6. Bd3 c5 7. 0-0 cxd4 8. exd4 dxc4 9. Bxc4 b6 10. Bg5 Bb7 11. Ne5 Nbd7 12. Nxd7 Qxd7 13. Bxf6 gxf6 14. Qg4+ Kh8 15. d5 Bxc3 16. bxc3 Bxd5 17. Qf4 Bxc4 18. Qxf6+ Kg8 19. Qg5+ Kh8 20. Qf6+ 1/2-1/2

[Event "Divcibare Narcis GM-B"]
[Site "Divcibare"]
[Date "2018.10.05"]
[Round "6"]
[White "Wang, Jue"]
[Black "Solomunovic, Igor"]
[Result "1-0"]
[WhiteElo "2363"]
[BlackElo "2399"]
[PlyCount "59"]
[EventDate "2018.09.30"]
[EventType "tourn"]
[EventRounds "9"]
[EventCountry "SRB"]
[EventCategory "6"]
[SourceTitle "CBM 187 Extra"]
[Source "ChessBase"]
[SourceDate "2018.11.04"]
[SourceVersion "1"]
[SourceVersionDate "2018.11.04"]
[SourceQuality "1"]

1. e4 e5 2. Bc4 Nf6 3. d3 c6 4. Nf3 Be7 5. Bb3 0-0 6. 0-0 d6 7. c3 Nbd7 8. Re1 Qc7 9. d4 b5 10. Nbd2 Bb7 11. Nf1 c5 12. Ng3 c4 13. Bc2 Rfe8 14. h3 Bf8 15. d5 g6 16. Be3 Bg7 17. Qd2 a6 18. Nh4 Nc5 19. Bh6 Qd8 20. Nhf5 Bh8 21. b4 cxb3 22. axb3 a5 23. b4 axb4 24. Rxa8 Bxa8 25. cxb4 Na6 26. Bd3 Qb6 27. Rc1 Bb7 28. Be3 Qd8 29. Nh6+ Kf8 30. Bxb5 1-0

[Event "Divcibare Narcis GM-B"]
[Site "Divcibare"]
[Date "2018.10.02"]
[Round "3"]
[White "Solomunovic, Igor"]
[Black "Lalic, Bogdan"]
[Result "1/2-1/2"]
[WhiteElo "2399"]
[BlackElo "2403"]
[PlyCount "22"]
[EventDate "2018.09.30"]
[EventType "tourn"]
[EventRounds "9"]
[EventCountry "SRB"]
[EventCategory "6"]
[SourceTitle "CBM 187 Extra"]
[Source "ChessBase"]
[SourceDate "2018.11.04"]
[SourceVersion "1"]
[SourceVersionDate "2018.11.04"]
[SourceQuality "1"]

1. d4 Nf6 2. Nf3 e6 3. c4 b6 4. g3 Bb7 5. Bg2 Be7 6. 0-0 0-0 7. Nc3 Ne4 8. Bd2 f5 9. Rc1 Bf6 10. d5 Na6 11. Qc2 Bxc3 1/2-1/2

[Event "Divcibare Narcis GM-A"]
[Site "Divcibare"]
[Date "2018.09.27"]
[Round "7"]
[White "Solomunovic, Igor"]
[Black "Popchev, Milko"]
[Result "1/2-1/2"]
[WhiteElo "2399"]
[BlackElo "2267"]
[PlyCount "22"]
[EventDate "2018.09.22"]
[EventType "tourn"]
[EventRounds "9"]
[EventCountry "SRB"]
[EventCategory "6"]
[SourceTitle "CBM 187 Extra"]
[Source "ChessBase"]
[SourceDate "2018.11.04"]
[SourceVersion "1"]
[SourceVersionDate "2018.11.04"]
[SourceQuality "1"]

1. d4 d5 2. c4 c6 3. Nf3 Nf6 4. Qc2 g6 5. Bf4 Bg7 6. e3 0-0 7. Nc3 b6 8. Be2 Bb7 9. cxd5 cxd5 10. 0-0 Nc6 11. h3 Rc8 1/2-1/2

[Event "Divcibare Narcis GM-A"]
[Site "Divcibare"]
[Date "2018.09.26"]
[Round "6"]
[White "Anand, Nadar"]
[Black "Solomunovic, Igor"]
[Result "1-0"]
[WhiteElo "2394"]
[BlackElo "2399"]
[PlyCount "115"]
[EventDate "2018.09.22"]
[EventType "tourn"]
[EventRounds "9"]
[EventCountry "SRB"]
[EventCategory "6"]
[SourceTitle "CBM 187 Extra"]
[Source "ChessBase"]
[SourceDate "2018.11.04"]
[SourceVersion "1"]
[SourceVersionDate "2018.11.04"]
[SourceQuality "1"]

1. d4 Nf6 2. c4 g6 3. Nc3 Bg7 4. e4 d6 5. h3 0-0 6. Be3 c5 7. Nf3 cxd4 8. Nxd4 b6 9. Qd2 Bb7 10. f3 Nbd7 11. Bh6 Bxh6 12. Qxh6 Re8 13. 0-0-0 a6 14. h4 e6 15. g4 Qe7 16. h5 Rac8 17. hxg6 fxg6 18. Qd2 Ne5 19. b3 b5 20. g5 Nh5 21. Bh3 Qf7 22. f4 Nxf4 23. Rhf1 Ned3+ 24. Kb1 bxc4 25. Nde2 e5 26. Bxc8 Rxc8 27. Nxf4 exf4 28. bxc4 Ne5 29. Ka1 Nxc4 30. Qxf4 Qg7 31. Rd3 Ne5 32. Rh3 Qd7 33. Rfh1 Rf8 34. Qc1 Rf7 35. Nd5 Bxd5 36. exd5 Qg4 37. Qc3 Qf5 38. a3 Qg4 39. Qb4 Qxg5 40. Qb8+ Rf8 41. Qxd6 Nf7 42. Qh2 Qxd5 43. Rxh7 Qd4+ 44. Qb2 Qxb2+ 45. Kxb2 Rc8 46. R7h4 Rc5 47. Re1 g5 48. Rd4 Kg7 49. Re6 a5 50. Kb3 Rf5 51. Ka4 Rf3 52. Ra6 Rf4 53. Rxf4 gxf4 54. Kxa5 f3 55. Rc6 Ne5 56. Rc1 Kg6 57. a4 Kh5 58. Kb5 1-0

[Event "SRB-chT"]
[Site "Valjevo"]
[Date "2018.09.09"]
[Round "10.4"]
[White "Solomunovic, Igor"]
[Black "Nikolic, Predrag"]
[Result "0-1"]
[WhiteElo "2399"]
[BlackElo "2584"]
[PlyCount "72"]
[EventDate "2018.08.31"]
[EventType "team-tourn"]
[EventRounds "11"]
[EventCountry "SRB"]
[SourceTitle "CBM 186 Extra"]
[Source "ChessBase"]
[SourceDate "2018.08.24"]
[SourceVersion "1"]
[SourceVersionDate "2018.08.24"]
[SourceQuality "1"]
[WhiteTeam "Gornji Milanovac Metalac"]
[BlackTeam "Kac Jugovic"]
[WhiteTeamCountry "SRB"]
[BlackTeamCountry "SRB"]

1. e4 e6 2. d4 d5 3. Nd2 a6 4. Ngf3 c5 5. dxc5 Bxc5 6. Bd3 Nc6 7. 0-0 Nf6 8. Qe2 Nb4 9. Nb3 Be7 10. e5 Nd7 11. Nfd4 Qc7 12. Bf4 Nf8 13. a3 Nxd3 14. cxd3 Ng6 15. Bg3 Qb6 16. a4 0-0 17. a5 Qd8 18. Rfc1 Bd7 19. f4 Rc8 20. Rxc8 Bxc8 21. Rc1 Bb4 22. Qc2 h5 23. h4 Be7 24. Qc7 Qe8 25. Nc5 Bxh4 26. Bxh4 Nxh4 27. g3 Ng6 28. Kg2 h4 29. Nf3 hxg3 30. Kxg3 Ne7 31. Nd4 f6 32. exf6 Qg6+ 33. Kh2 Qxf6 34. Ne2 Qxb2 35. Qxe7 Qxe2+ 36. Kh1 Qf3+ 0-1

[Event "SRB-chT"]
[Site "Valjevo"]
[Date "2018.09.06"]
[Round "7.5"]
[White "Solomunovic, Igor"]
[Black "Benkovic, Petar"]
[Result "1/2-1/2"]
[WhiteElo "2399"]
[BlackElo "2400"]
[PlyCount "33"]
[EventDate "2018.08.31"]
[EventType "team-tourn"]
[EventRounds "11"]
[EventCountry "SRB"]
[SourceTitle "CBM 186 Extra"]
[Source "ChessBase"]
[SourceDate "2018.08.24"]
[SourceVersion "1"]
[SourceVersionDate "2018.08.24"]
[SourceQuality "1"]
[WhiteTeam "Gornji Milanovac Metalac"]
[BlackTeam "Valjevo Sveti Nikolaj"]
[WhiteTeamCountry "SRB"]
[BlackTeamCountry "SRB"]

1. d4 Nf6 2. Nf3 e6 3. c4 d5 4. Nc3 Be7 5. Bg5 0-0 6. e3 h6 7. Bh4 b6 8. Rc1 Bb7 9. Be2 dxc4 10. Bxc4 Nbd7 11. 0-0 a6 12. a4 Ne4 13. Bg3 Nxg3 14. hxg3 c5 15. d5 exd5 16. Bxd5 Bxd5 17. Qxd5 1/2-1/2

[Event "SRB-chT"]
[Site "Valjevo"]
[Date "2018.09.03"]
[Round "4.1"]
[White "Strbac, Mladen"]
[Black "Solomunovic, Igor"]
[Result "0-1"]
[WhiteElo "2320"]
[BlackElo "2399"]
[PlyCount "76"]
[EventDate "2018.08.31"]
[EventType "team-tourn"]
[EventRounds "11"]
[EventCountry "SRB"]
[SourceTitle "CBM 186 Extra"]
[Source "ChessBase"]
[SourceDate "2018.08.24"]
[SourceVersion "1"]
[SourceVersionDate "2018.08.24"]
[SourceQuality "1"]
[WhiteTeam "Krajisnik Krajina"]
[BlackTeam "Gornji Milanovac Metalac"]
[WhiteTeamCountry "SRB"]
[BlackTeamCountry "SRB"]

1. e4 c5 2. d4 cxd4 3. c3 dxc3 4. Nxc3 Nc6 5. Nf3 d6 6. Bc4 e6 7. 0-0 Nf6 8. Qe2 Be7 9. Rd1 e5 10. Be3 Bg4 11. h3 Bh5 12. g4 Bg6 13. Nh4 0-0 14. Nxg6 hxg6 15. a3 Nh7 16. Kg2 Rc8 17. Ba2 Kh8 18. Rd3 Nd4 19. Qd1 Ng5 20. Bxd4 exd4 21. Rxd4 Ne6 22. Bxe6 fxe6 23. Qb3 Bf6 24. Rd3 Qe7 25. Ne2 Be5 26. Rf1 g5 27. Nd4 Rf6 28. f3 Rh6 29. Rfd1 Qf6 30. Qxb7 Rc4 31. Ne2 Rc2 32. R1d2 Rxd2 33. Rxd2 Rxh3 34. f4 gxf4 35. Ng1 Rh2+ 36. Kxh2 f3+ 37. Kh1 Qh4+ 38. Nh3 Qxh3+ 0-1

[Event "SRB-chT"]
[Site "Valjevo"]
[Date "2018.09.02"]
[Round "3.6"]
[White "Popovic, Dusan"]
[Black "Solomunovic, Igor"]
[Result "0-1"]
[WhiteElo "2518"]
[BlackElo "2399"]
[PlyCount "82"]
[EventDate "2018.08.31"]
[EventType "team-tourn"]
[EventRounds "11"]
[EventCountry "SRB"]
[SourceTitle "CBM 186 Extra"]
[Source "ChessBase"]
[SourceDate "2018.08.24"]
[SourceVersion "1"]
[SourceVersionDate "2018.08.24"]
[SourceQuality "1"]
[WhiteTeam "Subotica Spartak"]
[BlackTeam "Gornji Milanovac Metalac"]
[WhiteTeamCountry "SRB"]
[BlackTeamCountry "SRB"]

1. Nf3 Nf6 2. g3 d5 3. Bg2 c6 4. 0-0 Bf5 5. d3 h6 6. Nc3 e6 7. Nd2 Be7 8. e4 Bh7 9. f4 Na6 10. a3 Nc5 11. Qe2 b5 12. g4 Qc7 13. e5 Nfd7 14. Nf3 a5 15. f5 exf5 16. gxf5 Bxf5 17. Nd4 Be6 18. Bf4 0-0 19. Nxe6 Nxe6 20. Bg3 b4 21. Nd1 bxa3 22. bxa3 Bc5+ 23. Kh1 Bd4 24. Ne3 Bxe5 25. Nf5 Bxg3 26. hxg3 Kh7 27. Qh5 Ng5 28. c4 dxc4 29. dxc4 Rae8 30. Rad1 Re5 31. Qg4 Nf6 32. Qh4 Nfe4 33. Qf4 Rfe8 34. Kh2 g6 35. Nd4 f5 36. Rd3 Qb6 37. Rfd1 R5e7 38. Nf3 Nf2 39. Rd6 Ne6 40. Rxe6 Rxe6 41. Rd7+ R8e7 0-1